Economics: (Record no. 7504)

MARC details
000 -LEADER
fixed length control field 00508nam a22001937a 4500
003 - CONTROL NUMBER IDENTIFIER
control field OSt
005 - DATE AND TIME OF LATEST TRANSACTION
control field 20211119110638.0
008 - FIXED-LENGTH DATA ELEMENTS--GENERAL INFORMATION
fixed length control field 211119b ||||| |||| 00| 0 eng d
020 ## - INTERNATIONAL STANDARD BOOK NUMBER
International Standard Book Number 0321312651
040 ## - CATALOGING SOURCE
Transcribing agency DDC
050 ## - LIBRARY OF CONGRESS CALL NUMBER
Classification number 330 ECO 2005
082 ## - DEWEY DECIMAL CLASSIFICATION NUMBER
Edition number 6ed
Classification number 330 ECO 2005
100 ## - MAIN ENTRY--PERSONAL NAME
Personal name Parkin Micheal
9 (RLIN) 15365
245 ## - TITLE STATEMENT
Title Economics:
Remainder of title Study Guide
260 ## - PUBLICATION, DISTRIBUTION, ETC. (IMPRINT)
Place of publication, distribution, etc. England
Name of publisher, distributor, etc. Pearson education limited
Date of publication, distribution, etc. 2005
300 ## - PHYSICAL DESCRIPTION
Extent viii,490p,:
Other physical details ill,; (some col)
Dimensions 24cm
650 ## - SUBJECT ADDED ENTRY--TOPICAL TERM
Topical term or geographic name as entry element Economics
9 (RLIN) 975
942 ## - ADDED ENTRY ELEMENTS (KOHA)
Source of classification or shelving scheme Dewey Decimal Classification
Koha item type Open Shelf
Holdings
Withdrawn status Lost status Source of classification or shelving scheme Damaged status Not for loan Home library Current library Date acquired Source of acquisition Inventory number Total Checkouts Full call number Barcode Date last seen Price effective from Koha item type
    Dewey Decimal Classification     MUST Main Library MUST Main Library 19/11/2021 Donation 11/35103   330 ECO 2005 2021-1783 19/11/2021 19/11/2021 Open Shelf